[Event "2004 World Open"]
[Site "Philadelphia"]
[Date "2004.07.04"]
[Round "6"]
[White "Sharavdorj, Dashze"]
[Black "Stripunsky, Alexander"]
[Result "1/2-1/2"]
[WhiteElo "2480"]
[BlackElo "2628"]
[PlyCount "99"]
[EventDate "2004.??.??"]

1. d4 d5 2. c4 c6 3. Nf3 Nf6 4. Nc3 e6 5. Bg5 h6 6. Bxf6 Qxf6 7. e3 Nd7 8. Bd3
dxc4 9. Bxc4 g6 10. O-O Qe7 11. e4 Bg7 12. e5 O-O 13. Re1 Rd8 14. Qc2 b6 15.
Rad1 Bb7 16. a3 a6 17. Ba2 Rac8 18. Qe4 Ba8 19. h4 b5 20. Qf4 c5 21. d5 c4 22.
d6 Qe8 23. Ne4 Bxe4 24. Rxe4 Nc5 25. Re2 Qc6 26. Bb1 c3 27. h5 gxh5 28. Rc1
cxb2 29. Rxb2 Nd3 30. Rxc6 Nxf4 31. Rxa6 Rc5 32. Rc2 Rd5 33. Rac6 Kf8 34. Ba2
Rd3 35. Rc8 Ke8 36. R2c7 Rxc8 37. Rxc8+ Kd7 38. Rg8 Ne2+ 39. Kh2 Rxf3 40. gxf3
Bxe5+ 41. Kg2 Nf4+ 42. Kg1 Bxd6 43. Ra8 h4 44. Ra7+ Ke8 45. Bb1 h3 46. Kh2 f5
47. Ra5 Ke7 48. Rxb5 Bxa3 49. Bxf5 exf5 50. Rxf5 1/2-1/2

[Event "2004 World Open"]
[Site "Philadelphia"]
[Date "2004.07.04"]
[Round "6"]
[White "Kedyk, Dmytro"]
[Black "Najer, Evgeny"]
[Result "0-1"]
[WhiteElo "2400"]
[BlackElo "2652"]
[PlyCount "48"]
[EventDate "2004.??.??"]

1. e4 e5 2. Nf3 Nc6 3. Bb5 Nd4 4. Nxd4 exd4 5. O-O Bc5 6. d3 c6 7. Bc4 d5 8.
exd5 cxd5 9. Bb5+ Kf8 10. Nd2 Qa5 11. a4 a6 12. Nb3 Qc7 13. Nxc5 Qxc5 14. Qe1
Nf6 15. b3 Kg8 16. Qa5 b6 17. Ba3 Qxa3 18. Qxb6 Qf8 19. Bc6 Qd6 20. a5 Rb8 21.
Qa7 h5 22. Ra4 Ng4 23. g3 Ne5 24. Bxd5 Qxd5 0-1

[Event "2004 World Open"]
[Site "Philadelphia"]
[Date "2004.07.04"]
[Round "6"]
[White "Huzman, Alex"]
[Black "Zilberstein, Dmitry"]
[Result "1/2-1/2"]
[WhiteElo "2639"]
[BlackElo "2425"]
[PlyCount "34"]
[EventDate "2004.??.??"]

1. Nf3 Nf6 2. c4 e6 3. d4 d5 4. g3 dxc4 5. Bg2 a6 6. O-O b5 7. Ne5 Nd5 8. a4
Bb7 9. b3 cxb3 10. axb5 axb5 11. Rxa8 Bxa8 12. e4 b4 13. exd5 Bxd5 14. Be3 Bxg2
15. Kxg2 Qd5+ 16. Qf3 Qxf3+ 17. Kxf3 Be7 1/2-1/2

[Event "2004 World Open"]
[Site "Philadelphia"]
[Date "2004.07.04"]
[Round "6"]
[White "Rahman, Ziaur"]
[Black "Ippolito, Dean J"]
[Result "1/2-1/2"]
[WhiteElo "2543"]
[BlackElo "2404"]
[PlyCount "56"]
[EventDate "2004.??.??"]

1. Nf3 d5 2. d4 Nf6 3. c4 e6 4. g3 dxc4 5. Bg2 Nc6 6. O-O Rb8 7. e3 b5 8. Qe2
Be7 9. Rd1 O-O 10. b3 cxb3 11. axb3 a6 12. e4 Bb7 13. Nc3 Bb4 14. Na2 Be7 15.
Bb2 Na5 16. Nc1 Nc6 17. Nd3 Nb4 18. Nfe5 Nxd3 19. Nxd3 Nd7 20. Bc3 Qe8 21. b4
Nb6 22. Nc5 Na4 23. Nxa4 bxa4 24. d5 exd5 25. Qg4 d4 26. Bxd4 f6 27. Qe6+ Kh8
28. Bc3 Bd6 1/2-1/2

[Event "2004 World Open"]
[Site "Philadelphia"]
[Date "2004.07.04"]
[Round "6"]
[White "Goletiani, Rusudan"]
[Black "Browne, Walter S"]
[Result "1-0"]
[WhiteElo "2370"]
[BlackElo "2502"]
[PlyCount "59"]
[EventDate "2004.??.??"]

1. Nf3 Nf6 2. b3 c5 3. e3 g6 4. Bb2 Bg7 5. Be2 O-O 6. O-O d5 7. d4 Ne4 8. Qc1
cxd4 9. Nxd4 e5 10. Nf3 Nc6 11. Rd1 Bf5 12. Nbd2 Re8 13. Nxe4 Bxe4 14. Nd2 Bf5
15. e4 Nd4 16. Bf1 dxe4 17. c3 Rc8 18. Nc4 b5 19. Qe3 bxc4 20. cxd4 Qb6 21.
Bxc4 Rxc4 22. bxc4 Qxb2 23. d5 Rc8 24. Qb3 Qe2 25. d6 Bd7 26. Qb7 Qg4 27. h3
Qe6 28. Rac1 Bh6 29. Rc3 a5 30. c5 1-0

[Event "2004 World Open"]
[Site "Philadelphia"]
[Date "2004.07.04"]
[Round "6"]
[White "Hoekstra, Matthew"]
[Black "Kraai, Jesse"]
[Result "0-1"]
[WhiteElo "2386"]
[BlackElo "2497"]
[PlyCount "76"]
[EventDate "2004.??.??"]

1. d4 e6 2. Nf3 c5 3. e3 Nf6 4. c4 d5 5. Nc3 a6 6. a3 dxc4 7. Bxc4 b5 8. Ba2
Bb7 9. O-O Nbd7 10. Qe2 Qc7 11. Rd1 Rd8 12. h3 Bd6 13. dxc5 Nxc5 14. b4 Bxf3
15. gxf3 Ncd7 16. Bb2 O-O 17. Rac1 Qb8 18. Rd2 Be7 19. Rdc2 Ne5 20. Ba1 Qa8 21.
Kg2 Ng6 22. Kf1 Nh4 23. e4 Nh5 24. Qe3 Ng6 25. Ne2 Rd7 26. Rc7 Rxc7 27. Rxc7
Rd8 28. Bb3 h6 29. Bc3 Bd6 30. Ra7 Qc8 31. Bb2 Bb8 32. Qb6 Bxa7 33. Qxa7 Rd2
34. Ba1 Rxe2 35. Kxe2 Qc1 36. Qb8+ Kh7 37. Be5 Nhf4+ 38. Bxf4 Nxf4+ 0-1

[Event "2004 World Open"]
[Site "Philadelphia"]
[Date "2004.07.04"]
[Round "6"]
[White "Kaufman, Lawrence"]
[Black "Zatonskih, Anna"]
[Result "1/2-1/2"]
[WhiteElo "2331"]
[BlackElo "2458"]
[PlyCount "116"]
[EventDate "2004.??.??"]

1. e4 d5 2. exd5 Qxd5 3. Nf3 Bg4 4. Be2 Nc6 5. d4 e6 6. h3 Bh5 7. O-O Nf6 8. c4
Qd8 9. Be3 Be7 10. Nc3 O-O 11. Qd2 Bg6 12. Bd3 Bb4 13. Bxg6 hxg6 14. Qc2 Ne7
15. a3 Bxc3 16. Qxc3 Nf5 17. Bf4 c6 18. Rfe1 a5 19. Rad1 a4 20. Ne5 Nd7 21. g4
Ne7 22. Bg5 f6 23. Nxd7 Qxd7 24. Bh4 Rad8 25. Bg3 g5 26. Qc2 b5 27. Re2 f5 28.
Be5 Ng6 29. cxb5 cxb5 30. Qc7 Rf7 31. Qxd7 Rfxd7 32. Rc1 Kf7 33. f3 Rd5 34. Kf2
R8d7 35. Rc8 Nxe5 36. dxe5 fxg4 37. hxg4 Rd3 38. Rec2 Kg6 39. R8c6 Rf7 40.
Rxe6+ Kh7 41. Ke1 Rfxf3 42. Rc7 Rf4 43. Ree7 Rxg4 44. Rxg7+ Kh6 45. Rge7 Re4+
46. Kf2 Kh5 47. e6 Kg4 48. Rc5 Rf3+ 49. Kg2 Re2+ 50. Kg1 Re1+ 51. Kg2 Re2+ 52.
Kg1 Ref2 53. Rf7 Rf1+ 54. Kg2 R1f2+ 55. Kg1 Rxf7 56. exf7 Rxf7 57. Rxb5 Rf4 58.
b3 Rf3 1/2-1/2

[Event "2004 World Open"]
[Site "Philadelphia"]
[Date "2004.07.04"]
[Round "6"]
[White "Shapiro, Daniel E"]
[Black "Arakhamia, Keteva"]
[Result "0-1"]
[WhiteElo "2272"]
[BlackElo "2452"]
[PlyCount "120"]
[EventDate "2004.??.??"]

1. d4 Nf6 2. c4 g6 3. Nc3 Bg7 4. e4 d6 5. Nf3 O-O 6. Be2 Na6 7. O-O c6 8. Re1
Nc7 9. h3 Nd7 10. Be3 e5 11. Qd2 f5 12. exf5 gxf5 13. dxe5 dxe5 14. Bh6 Ne6 15.
Bxg7 Kxg7 16. Bf1 Qf6 17. Ne2 e4 18. Nfd4 Ne5 19. Nxe6+ Bxe6 20. Nf4 Bf7 21. b3
Kh8 22. Rad1 Rae8 23. Qe3 b6 24. Kh1 c5 25. Qc3 Rg8 26. Rd2 Rg7 27. Red1 Qg5
28. Qe3 Bg8 29. Be2 Nc6 30. Bf1 Nd4 31. Ne2 Nxe2 32. Qxg5 Rxg5 33. Bxe2 Be6 34.
f3 Rgg8 35. fxe4 fxe4 36. Bh5 Re7 37. Re1 Bc8 38. Re3 Bb7 39. Bd1 Rf8 40. Kg1
Ref7 41. Re1 Kg7 42. Bc2 Re7 43. Re3 Rf6 44. Rde2 Rfe6 45. Rf2 Rd7 46. Kf1 Rde7
47. Ke2 Rg6 48. Kf1 h5 49. Rf4 Kh6 50. Bd1 Rd7 51. Be2 Rdg7 52. Rh4 Kg5 53. g3
Rf6+ 54. Ke1 Rh7 55. Rc3 Rf8 56. Rc2 Re8 57. Rd2 e3 58. Rd6 Bg2 59. Bd3 Rh6 60.
Rf4 Rxd6 0-1

[Event "2004 World Open"]
[Site "Philadelphia"]
[Date "2004.07.04"]
[Round "6"]
[White "Stancil, Kimani A"]
[Black "Ginsburg, Mark"]
[Result "0-1"]
[WhiteElo "2154"]
[BlackElo "2435"]
[PlyCount "80"]
[EventDate "2004.??.??"]

1. e4 g6 2. d4 Bg7 3. Nc3 d6 4. Be3 a6 5. Be2 b5 6. Qd2 Bb7 7. f3 Nd7 8. Nh3 c5
9. Nd1 cxd4 10. Bxd4 Ngf6 11. O-O O-O 12. a4 Bc6 13. a5 Qc7 14. Bd3 Rfe8 15.
Kh1 Qb7 16. Ndf2 e5 17. Be3 Rad8 18. Bg5 Nc5 19. Ng4 Nxg4 20. Bxd8 Nxh2 21. Bb6
Nxf1 22. Bxf1 Na4 23. Be3 Nxb2 24. Rb1 Na4 25. Qxd6 Qd7 26. Qb4 Bf8 27. Qe1 Nc5
28. Rd1 Qc7 29. Qf2 Ne6 30. Qh4 Qxa5 31. Nf2 h5 32. g4 Qc3 33. Rd3 Qe1 34. Qh3
Nf4 35. Bxf4 exf4 36. Qg2 Bc5 37. Nh3 hxg4 38. Nxf4 gxf3 39. Qh3 Qxe4 40. Nxg6
Qxg6 0-1

[Event "2004 World Open"]
[Site "Philadelphia"]
[Date "2004.07.04"]
[Round "6"]
[White "Sher, Miron"]
[Black "Dougherty, Michael"]
[Result "1-0"]
[WhiteElo "2562"]
[BlackElo "2320"]
[PlyCount "135"]
[EventDate "2004.??.??"]

1. c4 e6 2. Nf3 Nf6 3. g3 c5 4. Bg2 Nc6 5. O-O Be7 6. d4 cxd4 7. Nxd4 a6 8. Nc3
Qc7 9. b3 d6 10. Bb2 Bd7 11. Rc1 Nxd4 12. Qxd4 O-O 13. Rfd1 Rfd8 14. h3 Rac8
15. e4 Qb8 16. Ba3 Bc6 17. Qb6 Nd7 18. Qe3 b5 19. cxb5 axb5 20. Bb4 Bf8 21. Rc2
Nf6 22. Rcd2 Qb7 23. a3 h6 24. Kh2 Qa8 25. Rc1 Rd7 26. Rcd1 Rdd8 27. Qe2 Qb8
28. f4 Ne8 29. Qd3 g6 30. Ne2 Bg7 31. Nd4 Ba8 32. Qe2 Nf6 33. Nxb5 Bxe4 34.
Nxd6 Bd5 35. Nxc8 Qxc8 36. Be7 Re8 37. Bxf6 Bxf6 38. b4 Qa8 39. Bxd5 exd5 40.
Qf3 Qa6 41. Qd3 Qa7 42. Qxd5 Qxa3 43. Qc4 Qf3 44. Rf1 Qe3 45. Rff2 Re4 46. Qc6
Bc3 47. Rd8+ Kg7 48. Qc5 Bxb4 49. Qxe3 Rxe3 50. Kg2 h5 51. Rd4 Bc3 52. Rd1 Bf6
53. Rf3 Re2+ 54. Rf2 Re3 55. Rdd2 h4 56. Rf3 Re4 57. g4 Bd4 58. f5 g5 59. Kf1
Bc5 60. Rd7 Kf6 61. Rfd3 Rf4+ 62. Ke2 Rf2+ 63. Kd1 Rh2 64. R7d5 Bb4 65. Rb3 Be7
66. Rb6+ Kg7 67. Rd3 Rf2 68. Rd7 1-0

[Event "2004 World Open"]
[Site "Philadelphia"]
[Date "2004.07.04"]
[Round "6"]
[White "Zaitchik, Gennady"]
[Black "Formanek, Edward W"]
[Result "1-0"]
[WhiteElo "2561"]
[BlackElo "2308"]
[PlyCount "59"]
[EventDate "2004.??.??"]

1. g3 d5 2. Bg2 e5 3. c4 d4 4. d3 c5 5. Nf3 Nc6 6. O-O Nf6 7. b4 cxb4 8. a3 b3
9. Nbd2 Be7 10. Nxb3 O-O 11. e3 dxe3 12. Bxe3 Qc7 13. h3 h6 14. Re1 Re8 15. Qc1
a5 16. Qb2 Bf5 17. d4 a4 18. Nbd2 exd4 19. Nxd4 Nxd4 20. Bxd4 Qd7 21. g4 Be6
22. Rac1 Red8 23. Nf3 Ne8 24. Bb6 Rdb8 25. Ne5 Qc8 26. Nxf7 Kxf7 27. Rxe6 Kxe6
28. Bd5+ Kd7 29. Qb5+ Kd6 30. Rd1 1-0

[Event "2004 World Open"]
[Site "Philadelphia, USA"]
[Date "2004.07.04"]
[Round "7"]
[White "Ehlvest, Jaan"]
[Black "Kudrin, Sergey"]
[Result "1-0"]
[WhiteElo "2605"]
[BlackElo "2541"]
[PlyCount "117"]
[EventDate "2004.07.04"]

1. d4 Nf6 2. c4 g6 3. Nc3 d5 4. Nf3 Bg7 5. Qb3 dxc4 6. Qxc4 O-O 7. Bf4 Na6 8.
e4 c5 9. d5 Bg4 10. Be2 Nd7 11. Qb3 Qb6 12. Bg5 Rfe8 13. O-O h6 14. Bh4 Qxb3
15. axb3 Nb4 16. Rad1 a6 17. Rd2 g5 18. Bg3 f5 19. exf5 Bxf5 20. h4 g4 21. Nh2
h5 22. f3 Bh6 23. Rdd1 Bc2 24. fxg4 Bxd1 25. Rxd1 hxg4 26. Bxg4 Nf8 27. Bf5 Bg7
28. Nf3 e6 29. dxe6 Nxe6 30. Rd7 Nd4 31. Be4 Ne2+ 32. Nxe2 Rxe4 33. Nc3 Rg4 34.
Kh2 b5 35. Kh3 Rg6 36. Ne4 c4 37. bxc4 bxc4 38. Nd6 Bxb2 39. Nxc4 Bg7 40. h5
Re6 41. Ng5 Rh6 42. Ne3 Bf6 43. Ne4 Re8 44. Nf5 Rxh5+ 45. Kg4 Rxf5 46. Kxf5 Bb2
47. Bh4 Nc2 48. Bf6 Rxe4 49. Bxb2 Rb4 50. Bf6 Kf8 51. Rh7 Ke8 52. Re7+ Kf8 53.
g4 Nd4+ 54. Kg6 Nc6 55. Rf7+ Ke8 56. g5 a5 57. Rc7 Rb6 58. Kh7 Nb4 59. Re7+ 1-0

[Event "2004 World Open"]
[Site "Philadelphia, USA"]
[Date "2004.07.04"]
[Round "7"]
[White "Ivanov, Alexander"]
[Black "Becerra, Julio J"]
[Result "1-0"]
[WhiteElo "2565"]
[BlackElo "2550"]
[PlyCount "123"]
[EventDate "2004.07.04"]

1. e4 d5 2. exd5 Qxd5 3. Nc3 Qa5 4. Nf3 Nf6 5. d4 c6 6. Bd2 Bf5 7. Ne4 Qc7 8.
Nxf6+ gxf6 9. Nh4 Bg6 10. Be2 e6 11. O-O Nd7 12. c4 Bd6 13. g3 O-O 14. c5 Be7
15. Bf4 Qc8 16. Bf3 Rd8 17. Qe2 Re8 18. Qc4 e5 19. Be3 exd4 20. Bxd4 Ne5 21.
Qc3 Nxf3+ 22. Qxf3 Qh3 23. Rfe1 f5 24. Qe3 Qg4 25. f3 Qg5 26. f4 Qh5 27. Qe5 f6
28. Qe6+ Bf7 29. Qxf5 Qxf5 30. Nxf5 Bf8 31. Nd6 Bxd6 32. cxd6 Red8 33. Bxf6
Rxd6 34. Bc3 c5 35. Re5 Rd5 36. Rae1 Rad8 37. Rxd5 Rxd5 38. Re7 Rd1+ 39. Kf2
Rh1 40. h4 b5 41. Rxa7 Be6 42. Rg7+ Kf8 43. Rxh7 b4 44. Be5 Bxa2 45. Rc7 c4 46.
Bd6+ Kg8 47. Bxb4 Rh2+ 48. Ke3 Rg2 49. Be1 Rxb2 50. Bc3 Rg2 51. Rg7+ Kf8 52. f5
Rc2 53. Be5 Rc1 54. Rc7 Re1+ 55. Kf4 Bb1 56. Bd6+ Ke8 57. g4 Re4+ 58. Kg5 Bd3
59. h5 Be2 60. Bf4 Re7 61. Rxe7+ Kxe7 62. h6 1-0

[Event "2004 World Open"]
[Site "Philadelphia"]
[Date "2004.07.04"]
[Round "7"]
[White "Tyomkin, Dimitri"]
[Black "Smirin, Ilya"]
[Result "0-1"]
[WhiteElo "2499"]
[BlackElo "2816"]
[PlyCount "81"]
[EventDate "2004.??.??"]

1. e4 g6 2. d4 Bg7 3. Nc3 d6 4. f4 Nf6 5. Nf3 O-O 6. Bd3 Na6 7. O-O c5 8. d5
Rb8 9. e5 Nd7 10. e6 fxe6 11. dxe6 Nf6 12. f5 Nb4 13. fxg6 Nxd3 14. Qxd3 Bxe6
15. Ng5 Qd7 16. Bd2 Ng4 17. gxh7+ Kh8 18. Nce4 Ne5 19. Qg3 Bc4 20. Rxf8+ Rxf8
21. Bc3 Qf5 22. h3 b5 23. b3 b4 24. Bb2 Bd5 25. Re1 Qg6 26. Ba1 Rf5 27. h4 Bxe4
28. Nxe4 Kxh7 29. Ng5+ Kg8 30. Qd3 Bf6 31. Qe4 Bxg5 32. hxg5 Qxg5 33. Qd5+ Kg7
34. Bxe5+ Rxe5 35. Rxe5 Qxe5 36. Qxe5+ dxe5 37. Kf2 Kg6 38. Ke3 Kf5 39. Kf3 e4+
40. Ke3 a5 41. g3 0-1

[Event "2004 World Open"]
[Site "Philadelphia"]
[Date "2004.07.04"]
[Round "7"]
[White "Kraai, Jesse"]
[Black "Novikov, Igor"]
[Result "0-1"]
[WhiteElo "2497"]
[BlackElo "2708"]
[PlyCount "60"]
[EventDate "2004.??.??"]

1. e4 c5 2. Nf3 d6 3. d4 cxd4 4. Nxd4 Nf6 5. Nc3 a6 6. Be3 e6 7. Be2 Qc7 8. f4
b5 9. O-O Bb7 10. Bh5 g6 11. f5 exf5 12. Bf3 fxe4 13. Bg4 Nbd7 14. Bh3 b4 15.
Na4 Bg7 16. Qd2 O-O 17. Bxd7 Nxd7 18. Qxb4 Nf6 19. Rad1 Nd5 20. Qd2 Rae8 21. b3
Nxe3 22. Qxe3 d5 23. c4 dxc4 24. Rc1 Rd8 25. Rfd1 Qd6 26. Rxc4 f5 27. Nc5 Bc8
28. g3 f4 29. gxf4 Rxf4 30. Rd2 Bh3 0-1

[Event "2004 World Open"]
[Site "Philadelphia"]
[Date "2004.07.04"]
[Round "7"]
[White "Ippolito, Dean J"]
[Black "Huzman, Alex"]
[Result "1/2-1/2"]
[WhiteElo "2404"]
[BlackElo "2639"]
[PlyCount "37"]
[EventDate "2004.??.??"]

1. d4 Nf6 2. c4 g6 3. Nf3 Bg7 4. g3 O-O 5. Bg2 c6 6. Nc3 d5 7. Qb3 Qb6 8. O-O
Bf5 9. Ne5 e6 10. h3 h5 11. Bf4 Nfd7 12. Qxb6 axb6 13. Rfd1 Nxe5 14. Bxe5 Nd7
15. Bxg7 Kxg7 16. f3 g5 17. e4 dxe4 18. fxe4 Bg6 19. e5 1/2-1/2

[Event "2004 World Open"]
[Site "Philadelphia"]
[Date "2004.07.04"]
[Round "7"]
[White "Del Mundo, Anton P"]
[Black "Rahman, Ziaur"]
[Result "1/2-1/2"]
[WhiteElo "2343"]
[BlackElo "2543"]
[PlyCount "99"]
[EventDate "2004.??.??"]

1. e4 g6 2. d4 Bg7 3. Nc3 c6 4. Bc4 d6 5. Qf3 e6 6. Nge2 Nd7 7. Bf4 Qe7 8.
O-O-O e5 9. dxe5 dxe5 10. Be3 Ngf6 11. h3 b5 12. Bd3 Nb6 13. g4 b4 14. Nb1 Be6
15. Nd2 Nfd7 16. Kb1 c5 17. Bb5 a6 18. Bxd7+ Nxd7 19. c4 bxc3 20. Nxc3 Rb8 21.
Qe2 Rb4 22. a3 Rd4 23. Qxa6 O-O 24. Bxd4 exd4 25. Nd5 Qh4 26. Nf4 Ne5 27. Nxe6
fxe6 28. f4 Rxf4 29. Qxe6+ Kh8 30. Rdf1 Rxf1+ 31. Rxf1 h6 32. Qb3 d3 33. Nc4
Qxh3 34. Rc1 Nxc4 35. Rxc4 Qe3 36. Ra4 Kh7 37. Ra8 h5 38. g5 Qxg5 39. Qxd3 Qg1+
40. Ka2 Qh2 41. Qb5 c4 42. Ra7 c3 43. Qb7 Qe5 44. Qd5 Kh6 45. Qxe5 Bxe5 46. Ra5
h4 47. Rxe5 h3 48. bxc3 h2 49. Re8 Kg7 50. Re7+ 1/2-1/2

[Event "2004 World Open"]
[Site "Philadelphia"]
[Date "2004.07.04"]
[Round "7"]
[White "Coleman, Teddy"]
[Black "Friedel, Joshua E"]
[Result "1-0"]
[WhiteElo "2198"]
[BlackElo "2483"]
[PlyCount "120"]
[EventDate "2004.??.??"]

1. c4 e5 2. g3 Nf6 3. Bg2 c6 4. d4 Bb4+ 5. Bd2 Bxd2+ 6. Qxd2 d6 7. Nc3 Qe7 8.
d5 c5 9. e4 O-O 10. Nge2 Nbd7 11. O-O Nh5 12. f4 exf4 13. gxf4 f5 14. Ng3 Nxg3
15. hxg3 fxe4 16. Nxe4 Nf6 17. Ng5 Bf5 18. Rae1 Qd7 19. Ne6 Rfe8 20. Re2 Re7
21. Rfe1 Rae8 22. Kh2 Ng4+ 23. Kg1 Nf6 24. Kh2 b5 25. b3 bxc4 26. bxc4 Bg4 27.
Re3 Qa4 28. Qc3 Rb7 29. a3 Bd1 30. Bh3 Rb3 31. Qd2 Qxa3 32. Rxb3 Bxb3 33. Nc7
Rb8 34. Qe3 Qa5 35. Qe6+ Kh8 36. Ne8 Qd2+ 37. Re2 Qxe2+ 38. Qxe2 Rxe8 39. Be6
a5 40. g4 a4 41. g5 Ng8 42. f5 Ra8 43. Qb2 a3 44. Qa1 h6 45. f6 hxg5 46. fxg7+
Kh7 47. Qb1+ Kh6 48. Bf7 Kxg7 49. Qg6+ Kh8 50. Bxg8 Bc2 51. Qxc2 Rxg8 52. Qa4
g4 53. Qxa3 g3+ 54. Kg2 Rg6 55. Qf3 Kg7 56. Qf5 Kh7 57. Qf7+ Kh8 58. Kf3 Rg7
59. Qf8+ Kh7 60. Qxd6 g2 1-0

[Event "2004 World Open"]
[Site "Philadelphia"]
[Date "2004.07.04"]
[Round "7"]
[White "Browne, Walter S"]
[Black "Karklins, Andrew"]
[Result "1/2-1/2"]
[WhiteElo "2502"]
[BlackElo "2334"]
[PlyCount "98"]
[EventDate "2004.??.??"]

1. d4 Nf6 2. c4 e6 3. Nf3 Bb4+ 4. Nbd2 a5 5. e3 d6 6. Bd3 e5 7. O-O Bxd2 8.
Nxd2 O-O 9. Ne4 Nxe4 10. Bxe4 Nd7 11. b3 Qh4 12. Bc2 Re8 13. f3 a4 14. Bb2 Qh6
15. Re1 e4 16. Bxe4 Rxe4 17. fxe4 a3 18. Bc3 Nf6 19. Qf3 Bg4 20. Qf4 Qg6 21. d5
Nxe4 22. Bd4 h5 23. Kh1 c5 24. dxc6 bxc6 25. Rac1 Ra5 26. c5 dxc5 27. Ba1 Be6
28. Rcd1 Bd5 29. Re2 Ra8 30. Rc1 Re8 31. Rcc2 Be6 32. Rc1 Rd8 33. Rec2 Rd5 34.
h3 Rg5 35. Kh2 Bd5 36. Rg1 Kh7 37. g4 hxg4 38. Rxg4 Rxg4 39. hxg4 Nf6 40. e4
Nxg4+ 41. Kh3 Bxe4 42. Re2 Bf5 43. Kh4 Nf6 44. Bxf6 Qxf6+ 45. Qg5 Qxg5+ 46.
Kxg5 Bd3 47. Rh2+ Kg8 48. Rh4 f6+ 49. Kh5 Be2+ 1/2-1/2